000 00504nam a2200169Ia 4500
003 GCL
008 140319s9999 xx 000 0 eng d
040 _aGCL /
_cGCL
082 0 4 _a428.24
_bB E
100 1 _aBLUMENTHAL, JOSEPH C
245 1 0 _aENGLISH 2600: A PROGRAMED COURSE IN GRAMMAR AND USAGE /
_cBLUMENTHAL, JOSEPH C
260 _a[S.N] :
_bHARCOUT BRAUCE COLLEGE PUBLISHRES ،
_c1962
300 _a439 P
650 0 4 _aENGLISH LANGUAGE - GRAMMAR
650 0 4 _aENGLISH LANGUAGE
942 _2ddc
_cBK
999 _c14143
_d14143